Quiz Cultura Generale - Quiz n°49 - Statistics

Statistiche generali
  • Questo quiz è stato fatto 208 volte
  • Il punteggio medio è 9 su 15
Statistiche sulle risposte
Domanda Risposta % Corretto
Chi ha scritto la "Divina Commedia"? Dante Alighieri
98%
Qual è il capoluogo di regione dell'Abruzzo? L'Aquila
88%
Quanti punti vale il re giocando a Briscola? 3
86%
Qual è il parallelo più lungo della Terra? Equatore
80%
Se a Parigi sono le ore 12:00, che ore sono a Rio de Janeiro? 08:00
79%
Quale elemento chimico ha come simbolo Fe? Ferro
78%
Quale squadra ha vinto il campionato di Serie A nella stagione 2021-2022? Milan
72%
Quale paese è completamente circondato dal Sudafrica? Lesotho
61%
Contro chi insorse l'Algeria nel 1954? Francia
56%
Come si traduce il termine francese "feu"? Fuoco
56%
A quale provincia appartiene l'isola di Lampedusa? Libero consorzio comunale di Agrigento
56%
In una parola piana, su quale sillaba cade l'accento? Penultima
49%
Chi era il cantante e frontman dei "The Doors"? Jim Morrison
34%
Chi era il dio Efesto per gli antichi romani? Vulcano
24%
A quale guerra partecipò il Regno di Sardegna nel 1854? Guerra di Crimea
12%
Nessun quiz corrispondente trovato
Distribuzione punteggi
Percentuale di utenti per punteggio
Percentile per numero di risposta
I tuoi punteggi nel tempo
Non hai fatto questo quiz